000 00412nam a2200157Ia 4500
003 Ost
005 20260225132559.0
008 260225s9999||||xx |||||||||||||| ||und||
040 _cfsic
041 _afre
082 _a302.23
100 _aBouadjimi djamel
_eAuteur
245 0 _aLa "société de l'information " et son impact sur les pays en développement /
245 0 _cBouadjimi djamel
942 _cكتاب
999 _c34649
_d34649